Statistiken für Ewige WM-Tabelle

Klicken Sie hier um das Quiz zu spielen!

Allgemein

  • Dieses Quiz wurde 201 mal gespielt
  • Das Durchschnittsergebnis liegt bei 62 aus 80

Antwortstatistiken

Nr.PunkteLand% Korrekt
3158Argentinien
99%
1247Brasilien
99%
2225Deutschland
99%
7110Spanien
99%
5131Frankreich
98%
4156Italien
98%
6118England
97%
1267Russland
97%
1557Portugal
96%
8104Niederlande
95%
1750Schweiz
95%
2731Südkorea
95%
1366Mexiko
94%
1170Schweden
94%
988Uruguay
94%
3322Marokko
93%
2240Österreich
93%
2435USA
93%
3027Japan
91%
4216Australien
90%
1073Belgien
90%
760China
90%
519Norwegen
90%
1657Polen
90%
770Kanada
89%
4116Türkei
89%
2533Dänemark
88%
2340Chile
87%
1947Kroatien
87%
652Ägypten
86%
4314Irland
86%
538Griechenland
85%
4614Saudi-Arabien
85%
5010Südafrika
85%
2830Kolumbien
84%
2042Slowakei
84%
2141Tschechien
83%
564Slowenien
82%
547Ukraine
82%
1848Ungarn
82%
720Katar
81%
584Nordkorea
81%
4812Algerien
80%
661Island
80%
613Neuseeland
80%
3519Schottland
80%
3917Ecuador
78%
3618Senegal
78%
3718Ghana
77%
3818Peru
77%
557Wales
77%
4713Iran
76%
3223Kamerun
76%
3421Nigeria
76%
4910Elfenbeinküste
75%
2631Paraguay
74%
4514Tunesien
74%
4017Bulgarien
73%
3123Costa Rica
72%
700Irak
72%
2929Rumänien
72%
623Honduras
70%
740Panama
70%
790DR Kongo
66%
4414Nordirland
66%
691Bolivien
65%
642Israel
64%
574Kuba
59%
730Indonesien
56%
603Jamaika
56%
1463Jugoslawien
56%
710Togo
53%
800El Salvador
51%
780Haiti
51%
632Angola
49%
528DDR
45%
681Trinidad und Tobago
43%
750VAE
36%
671Kuwait
34%
593Bosnien-Herzegowina
16%

Verteilung der Resultate

Perzentil nach korrekt beantworteten Fragen

Anzahl Personen mit jedem Resultat

Ihre Resultats-Entwicklung

Sie haben dieses Quiz noch nicht gespielt